000 00458nam a2200181Ia 4500
003 OSt
005 20250805154014.0
008 210210b1954 xxu||||| |||| 00| 0 eng d
040 _cAL
041 _akan
082 _a859/1639
100 _aVATSA
_9156145
_dವತ್ಸ
245 _aVishvanite
_bವಿಶ್ವನೀತೆ
260 _aBengaluru
_bSuvidya Prakashana
_c1954
690 _aKannada Fiction
_9156146
906 _a022362
942 _2ddc
_cBK
999 _c146692
_d146692